| 000 -LEADER |
| fixed length control field |
00565cam a22001694a 4500 |
| 020 ## - INTERNATIONAL STANDARD BOOK NUMBER |
| ISBN |
0801870585 (hardcover : alk. paper) |
| 040 ## - CATALOGING SOURCE |
| Transcribing agency |
DLC |
| 082 00 - DEWEY DECIMAL CLASSIFICATION NUMBER |
| Classification number |
616 INT 2005 C153 Or. |
| 100 1# - MAIN ENTRY--AUTHOR NAME |
| Personal name |
Mondimore, Francis Mark, |
| 245 10 - TITLE STATEMENT |
| Title |
Adolescent depression : |
| Remainder of title |
a guide for parents / |
| 260 ## - PUBLICATION, DISTRIBUTION, ETC. (IMPRINT) |
| Place of publication |
Baltimore : |
| Name of publisher |
Johns Hopkins University Press, |
| Year of publication |
c2002 |
| 300 ## - PHYSICAL DESCRIPTION |
| Number of Pages |
xiii, 287 p. : |
| Other physical details |
ill. ; |
| Dimensions |
24 cm |
| 490 1# - SERIES STATEMENT |
| Series statement |
A Johns Hopkins Press health book |
| 650 #0 - SUBJECT ADDED ENTRY--TOPICAL TERM |
| Topical Term |
Depression in adolescence |
| 856 41 - ELECTRONIC LOCATION AND ACCESS |
| Uniform Resource Identifier |
http://www.loc.gov/catdir/toc/fy034/2001007992.html |
| 942 ## - ADDED ENTRY ELEMENTS (KOHA) |
| Koha item type |
ADB |
| 952 ## - LOCATION AND ITEM INFORMATION (KOHA) |
| Withdrawn status [LOCAL, KOHA] |
0 |